[Event "Dhaka Zia Memorial"]
[Site "Dhaka"]
[Date "2025.07.10"]
[Round "8"]
[White "Noshin, Anjum"]
[Black "Avik, Sarker"]
[Result "0-1"]
[WhiteElo "1985"]
[BlackElo "1975"]
[PlyCount "118"]
[EventDate "2025.07.05"]
[EventType "swiss"]
[EventRounds "9"]
[EventCountry "BAN"]
[SourceTitle "CB29_2025"]
[SourceDate "2025.07.16"]
[SourceVersion "1"]
[SourceVersionDate "2025.07.16"]
[SourceQuality "1"]

1. e4 g6 2. d4 Bg7 3. Nc3 d6 4. Be3 a6 5. Nf3 b5 6. a3 Bb7 7. Qd2 Nd7 8. Bd3 h6 9. 0-0 e6 10. a4 b4 11. Ne2 Ngf6 12. Ng3 a5 13. c3 bxc3 14. bxc3 Ng4 15. Rfb1 Qc8 16. Bb5 Nxe3 17. Qxe3 c6 18. Bd3 0-0 19. e5 d5 20. h4 Ba6 21. h5 Bxd3 22. Qxd3 g5 23. Nd2 Qc7 24. Ra2 Rfb8 25. Rc1 c5 26. Ne2 Rb6 27. f4 gxf4 28. Rf1 f6 29. exf6 Nxf6 30. Nxf4 e5 31. dxe5 Qxe5 32. Raa1 c4 33. Nxc4 dxc4 34. Qxc4+ Kh7 35. Rae1 Qd6 36. Qf7 Qc5+ 37. Kh1 Qg5 38. Re7 Ng8 39. Rd7 Rf6 40. Qc4 Raf8 41. Qe4+ Qf5 42. Qb7 R6f7 43. Rxf7 Rxf7 44. Qf3 Be5 45. g3 Nf6 46. Kg2 Bxf4 47. Qxf4 Nd5 48. Qxf5+ Rxf5 49. Rxf5 Ne3+ 50. Kf3 Nxf5 51. g4 Nd6 52. Kf4 Nc4 53. g5 hxg5+ 54. Kxg5 Nb6 55. Kf5 Nxa4 56. c4 Nc5 57. Ke5 Nb3 58. Ke4 a4 59. Kd3 a3 0-1

[Event "Dhaka Zia Memorial"]
[Site "Dhaka"]
[Date "2025.07.08"]
[Round "5"]
[White "Noshin, Anjum"]
[Black "Barua, Oitijjo"]
[Result "0-1"]
[WhiteElo "1985"]
[BlackElo "1899"]
[PlyCount "61"]
[EventDate "2025.07.05"]
[EventType "swiss"]
[EventRounds "9"]
[EventCountry "BAN"]
[SourceTitle "CB29_2025"]
[SourceDate "2025.07.16"]
[SourceVersion "1"]
[SourceVersionDate "2025.07.16"]
[SourceQuality "1"]

1. e4 c5 2. Nf3 Nc6 3. d4 cxd4 4. Nxd4 Nf6 5. Nc3 e5 6. Ndb5 d6 7. Bg5 a6 8. Na3 b5 9. Nd5 Be7 10. Bxf6 Bxf6 11. c4 b4 12. Nc2 a5 13. g3 Bg5 14. Bg2 Ne7 15. h4 Bh6 16. Nce3 Nc6 17. Bh3 Bxh3 18. Rxh3 Bxe3 19. fxe3 0-0 20. Rh2 a4 21. Qd3 Qa5 22. 0-0-0 Qc5 23. Kb1 Ra7 24. g4 Nd8 25. h5 Ne6 26. h6 f6 27. Rf2 Qa5 28. hxg7 Kxg7 29. Qd2 Nc5 30. Qxb4 Qxb4 31. Nxb4 0-1

[Event "Asia-ch (Women)"]
[Site "Al Ain"]
[Date "2025.05.14"]
[Round "8"]
[White "Noshin, Anjum"]
[Black "Nomin Erdene, Davaademberel"]
[Result "1/2-1/2"]
[WhiteElo "2013"]
[BlackElo "2330"]
[PlyCount "92"]
[EventDate "2025.05.07"]
[EventType "swiss"]
[EventRounds "9"]
[EventCountry "UAE"]
[SourceTitle "CB21_2025"]
[SourceDate "2025.05.21"]
[SourceVersion "1"]
[SourceVersionDate "2025.05.21"]
[SourceQuality "1"]

1. e4 e6 2. d4 d5 3. Nc3 Bb4 4. e5 c5 5. a3 Bxc3+ 6. bxc3 Ne7 7. Qg4 Qc7 8. Qxg7 Rg8 9. Qxh7 cxd4 10. Ne2 Nbc6 11. f4 dxc3 12. Qd3 Bd7 13. Be3 Nf5 14. Bf2 0-0-0 15. Rg1 f6 16. g4 Nh6 17. Qh3 Rh8 18. Qxc3 fxe5 19. fxe5 Nf7 20. h4 Be8 21. 0-0-0 Kb8 22. Nd4 Rc8 23. Nxe6 Qe7 24. Bd3 Ncxe5 25. Qa5 b6 26. Qxd5 Qxa3+ 27. Kb1 Bc6 28. Qd4 Nf3 29. Qb2 Qxb2+ 30. Kxb2 Nxg1 31. Rxg1 Kb7 32. Nd4 Bd5 33. Nf5 Rc7 34. Bd4 Re8 35. g5 Rd7 36. g6 Ne5 37. Bxe5 Rxe5 38. g7 Rd8 39. Nh6 Rh5 40. g8Q Bxg8 41. Nxg8 Rxh4 42. Rg7+ Kb8 43. Ne7 Rd7 44. Nc6+ Kc7 45. Rxd7+ Kxd7 46. Nxa7 Kd6 1/2-1/2

[Event "Asia-ch (Women)"]
[Site "Al Ain"]
[Date "2025.05.07"]
[Round "1"]
[White "Mungunzul, Bat Erdene"]
[Black "Noshin, Anjum"]
[Result "1-0"]
[WhiteElo "2302"]
[BlackElo "2013"]
[PlyCount "69"]
[EventDate "2025.05.07"]
[EventType "swiss"]
[EventRounds "9"]
[EventCountry "UAE"]
[SourceTitle "CB21_2025"]
[SourceDate "2025.05.21"]
[SourceVersion "1"]
[SourceVersionDate "2025.05.21"]
[SourceQuality "1"]

1. d4 Nf6 2. c4 e6 3. Nf3 Bb4+ 4. Bd2 Bxd2+ 5. Qxd2 b6 6. Nc3 Bb7 7. g3 d6 8. Bg2 Nbd7 9. 0-0 0-0 10. d5 e5 11. b4 Ba6 12. Qd3 g6 13. Nd2 Ne8 14. e4 f5 15. a4 f4 16. a5 Bb7 17. Bh3 Nef6 18. Nb3 g5 19. Be6+ Kg7 20. axb6 axb6 21. Rxa8 Bxa8 22. Ra1 f3 23. Nb5 Bb7 24. h3 Qb8 25. Nd2 h6 26. Nxf3 Rd8 27. h4 g4 28. Nh2 h5 29. Qe3 Nh7 30. f3 gxf3 31. Nxf3 Ndf6 32. Ng5 Rf8 33. Bf5 Ng4 34. Bxg4 hxg4 35. Ne6+ 1-0

[Event "Titled Tuesday intern op 04th Feb Early"]
[Site "Chess.com INT"]
[Date "2025.02.04"]
[Round "3"]
[White "Noshin, Anjum"]
[Black "Dudkina, Uliana"]
[Result "0-1"]
[WhiteElo "2053"]
[BlackElo "2005"]
[PlyCount "39"]
[EventDate "2025.02.04"]
[EventType "swiss (blitz)"]
[EventRounds "11"]
[EventCountry "USA"]
[SourceTitle "CB07_2025"]
[SourceDate "2025.02.12"]
[SourceVersion "1"]
[SourceVersionDate "2025.02.12"]
[SourceQuality "1"]

1. e4 c5 2. Nf3 Nc6 3. d4 cxd4 4. Nxd4 e6 5. Nc3 Qc7 6. Be3 a6 7. a3 Nf6 8. f4 d6 9. Qf3 h5 10. 0-0-0 Bd7 11. Be2 g6 12. h3 h4 13. e5 dxe5 14. fxe5 Nh5 15. Nxc6 Bxc6 16. Qf2 Bg7 17. Bb6 Qxe5 18. Bd4 Qg5+ 19. Be3 Qg3 20. Bf3 0-1

[Event "Wch Blitz (Women)"]
[Site "New York"]
[Date "2024.12.30"]
[Round "2"]
[White "Guichard, Pauline"]
[Black "Noshin, Anjum"]
[Result "1-0"]
[WhiteElo "2357"]
[BlackElo "2029"]
[PlyCount "57"]
[EventDate "2024.12.30"]
[EventType "swiss (blitz)"]
[EventRounds "11"]
[EventCountry "USA"]
[SourceTitle "CB01_2025"]
[SourceDate "2025.01.01"]
[SourceVersion "1"]
[SourceVersionDate "2025.01.01"]
[SourceQuality "1"]

1. d4 d5 2. c4 c6 3. Nf3 Nf6 4. e3 e6 5. Bd3 Nbd7 6. 0-0 Be7 7. Nc3 dxc4 8. Bxc4 b5 9. Bb3 a6 10. e4 c5 11. e5 Ng4 12. Ne4 cxd4 13. Bf4 Bb7 14. Qxd4 Qb6 15. Qd3 Rd8 16. Nd6+ Bxd6 17. exd6 Ngf6 18. Be3 Qc6 19. Rac1 Ne5 20. Rxc6 Nxd3 21. Rc7 Bxf3 22. gxf3 Ne5 23. Bc5 Nxf3+ 24. Kg2 Nd2 25. Re7+ Kf8 26. d7 Kg8 27. Rd1 Rxd7 28. Rxd7 Nxd7 29. Rxd2 1-0

[Event "Wch Blitz (Women)"]
[Site "New York"]
[Date "2024.12.30"]
[Round "5"]
[White "Noshin, Anjum"]
[Black "Durrfeld, Sofie Bech"]
[Result "1/2-1/2"]
[WhiteElo "2029"]
[BlackElo "1952"]
[PlyCount "84"]
[EventDate "2024.12.30"]
[EventType "swiss (blitz)"]
[EventRounds "11"]
[EventCountry "USA"]
[SourceTitle "CB01_2025"]
[SourceDate "2025.01.01"]
[SourceVersion "1"]
[SourceVersionDate "2025.01.01"]
[SourceQuality "1"]

1. e4 c5 2. Nf3 g6 3. d4 cxd4 4. Nxd4 Bg7 5. c4 Nc6 6. Be3 Nf6 7. Nc3 Ng4 8. Qxg4 Nxd4 9. Qd1 Ne6 10. Rc1 Qa5 11. Qd2 b6 12. b3 Bb7 13. f3 Rc8 14. Be2 0-0 15. 0-0 d6 16. Nd5 Bxd5 17. Qxa5 bxa5 18. exd5 Bd4 19. Bxd4 Nxd4 20. Bd3 e5 21. dxe6 fxe6 22. f4 e5 23. fxe5 dxe5 24. Rce1 Rxf1+ 25. Kxf1 Rc5 26. Be4 Kf7 27. Bd5+ Kf6 28. Re3 h6 29. a3 g5 30. b4 axb4 31. axb4 Rc8 32. Ra3 Rc7 33. Ra6+ Kf5 34. Rxh6 Nc2 35. Rh8 Nxb4 36. Rf8+ Kg6 37. Re8 Kf6 38. Rf8+ Kg7 39. Re8 Kf6 40. Rf8+ Ke7 41. Rg8 Kf6 42. Rf8+ Ke7 1/2-1/2

[Event "Wch Blitz (Women)"]
[Site "New York"]
[Date "2024.12.30"]
[Round "7"]
[White "Noshin, Anjum"]
[Black "Uuriintuya, Uurtsaikh"]
[Result "1/2-1/2"]
[WhiteElo "2029"]
[BlackElo "2187"]
[PlyCount "189"]
[EventDate "2024.12.30"]
[EventType "swiss (blitz)"]
[EventRounds "11"]
[EventCountry "USA"]
[SourceTitle "CB01_2025"]
[SourceDate "2025.01.01"]
[SourceVersion "1"]
[SourceVersionDate "2025.01.01"]
[SourceQuality "1"]

1. e4 c5 2. Nf3 g6 3. d4 cxd4 4. Nxd4 Bg7 5. c4 Nc6 6. Be3 Nf6 7. Nc3 0-0 8. Be2 d6 9. f3 Qb6 10. Ncb5 a6 11. Nf5 Qd8 12. Nxg7 axb5 13. cxb5 Ne5 14. Bh6 Kh8 15. 0-0 Ng8 16. Ne6 Bxe6 17. Bxf8 Qxf8 18. a4 Nf6 19. a5 Qd8 20. a6 Qb6+ 21. Kh1 bxa6 22. bxa6 Qxb2 23. a7 Nc6 24. Qc1 Qxc1 25. Rfxc1 Rxa7 26. Rxa7 Nxa7 27. Rc7 Nc8 28. Ba6 Nb6 29. Rxe7 d5 30. exd5 Nfxd5 31. Rb7 Kg7 32. Bd3 Nd7 33. Bc4 N7b6 34. Bb3 Nc8 35. Kg1 Nd6 36. Rb8 Nf5 37. Kf2 Nd4 38. Bxd5 Bxd5 39. Rd8 Bxf3 40. gxf3 Ne6 41. Rd7 Kf6 42. Rd5 h5 43. h4 Ng7 44. Ra5 Nf5 45. Ra4 Kg7 46. Rb4 f6 47. Kg2 g5 48. hxg5 fxg5 49. Rb5 Kf6 50. Rb6+ Ke5 51. Ra6 Kf4 52. Ra4+ Ke5 53. Ra5+ Ke6 54. Kh3 Kf6 55. Ra6+ Ke5 56. Ra4 Nd4 57. Kg2 h4 58. Ra5+ Kf4 59. Ra4 Ke3 60. Ra5 Kf4 61. Ra4 Ke5 62. Ra5+ Kf6 63. Ra4 Nf5 64. Ra6+ Ke5 65. Ra5+ Ke6 66. Ra4 Kf6 67. Ra6+ Kg7 68. Ra7+ Kg6 69. Ra6+ Kh5 70. Ra5 Nd4 71. Rd5 Ne6 72. Rf5 Nf4+ 73. Kh2 Kg6 74. Ra5 Ne6 75. Ra6 Kf5 76. Ra5+ Kf4 77. Kg2 Ng7 78. Ra4+ Kf5 79. Ra5+ Kg6 80. Ra6+ Kh5 81. Ra7 Ne6 82. Rh7+ Kg6 83. Ra7 Nf4+ 84. Kh2 Ne2 85. Ra2 Ng3 86. Rg2 Nh5 87. Ra2 Kf5 88. Ra4 Nf6 89. Kg2 Nd7 90. Ra5+ Ne5 91. Rb5 Kf6 92. Rb6+ Kf5 93. Rb5 Kf4 94. Rb4+ Kf5 95. Rb5 1/2-1/2

[Event "Wch Rapid (Women)"]
[Site "New York"]
[Date "2024.12.28"]
[Round "10"]
[White "Berezovsky, Fiorina"]
[Black "Noshin, Anjum"]
[Result "0-1"]
[WhiteElo "1786"]
[BlackElo "1910"]
[PlyCount "70"]
[EventDate "2024.12.26"]
[EventType "swiss (rapid)"]
[EventRounds "11"]
[EventCountry "USA"]
[SourceTitle "CB01_2025"]
[SourceDate "2025.01.01"]
[SourceVersion "1"]
[SourceVersionDate "2025.01.01"]
[SourceQuality "1"]

1. d4 d5 2. Nf3 Nf6 3. g3 Bf5 4. Bg2 h6 5. c4 e6 6. 0-0 Be7 7. Nc3 Nbd7 8. b3 0-0 9. Bb2 c6 10. Rc1 Ne4 11. Nd2 Nxc3 12. Bxc3 Ba3 13. Ra1 a5 14. c5 Bb4 15. Qc1 Re8 16. e4 dxe4 17. Bxe4 Nf6 18. Bxf5 exf5 19. a3 Bxc3 20. Qxc3 Ne4 21. Nxe4 Rxe4 22. Rad1 a4 23. b4 Qd5 24. Rfe1 Qb3 25. Qc1 Rae8 26. Rxe4 Rxe4 27. Rd2 Qe6 28. Rd1 f4 29. Qc3 Qb3 30. Qd3 Re1+ 31. Rxe1 Qxd3 32. gxf4 Qxa3 33. Re8+ Kh7 34. Re7 Qxb4 35. Rxf7 Qb1+ 0-1

[Event "Wch Rapid (Women)"]
[Site "New York"]
[Date "2024.12.28"]
[Round "11"]
[White "Noshin, Anjum"]
[Black "Lu, Miaoyi"]
[Result "1/2-1/2"]
[WhiteElo "1910"]
[BlackElo "2317"]
[PlyCount "144"]
[EventDate "2024.12.26"]
[EventType "swiss (rapid)"]
[EventRounds "11"]
[EventCountry "USA"]
[SourceTitle "CB01_2025"]
[SourceDate "2025.01.01"]
[SourceVersion "1"]
[SourceVersionDate "2025.01.01"]
[SourceQuality "1"]

1. e4 e5 2. Nf3 Nc6 3. Bb5 Nf6 4. 0-0 Nxe4 5. d4 Nd6 6. Bxc6 dxc6 7. dxe5 Nf5 8. Qxd8+ Kxd8 9. Rd1+ Ke8 10. Nc3 Be7 11. h3 Nh4 12. Nxh4 Bxh4 13. Ne2 Be7 14. b3 Bf5 15. c4 h5 16. Bb2 Rd8 17. Rxd8+ Kxd8 18. Nd4 Bd7 19. Re1 Rh6 20. Re3 c5 21. Ne2 Ra6 22. a3 Rb6 23. Rd3 g5 24. Ng3 h4 25. Nf5 a5 26. Nxe7 Kxe7 27. Bc1 Rg6 28. Bd2 b6 29. a4 Ke6 30. Bc3 Bc6 31. f3 Rg8 32. Kf2 Kf5 33. Bb2 Re8 34. Bc3 Ke6 35. Bb2 Ke7 36. Bc3 Bd7 37. Bd2 Rg8 38. Bc3 Bf5 39. Rd2 c6 40. Bb2 Rb8 41. Bc3 Be6 42. Rd6 Bd7 43. Bd2 Rg8 44. Rh6 Be6 45. Be3 Rg7 46. Rh5 f6 47. Bd2 Kf7 48. exf6 Kxf6 49. Bc3+ Kg6 50. Rxg5+ Kxg5 51. Bxg7 Bf5 52. Be5 Bc2 53. Bc7 Bxb3 54. Bxb6 Bxa4 55. Bxa5 Bb3 56. Bb6 Bxc4 57. Bxc5 Bb5 58. Be7+ Kh5 59. f4 Bd3 60. Ke3 Bf1 61. Kf2 Bd3 62. g4+ hxg3+ 63. Kxg3 Bf5 64. h4 Be4 65. Kf2 Kg4 66. Ke3 Bf5 67. Bg5 c5 68. Kd2 Bg6 69. Kc3 Bf7 70. Kd3 Bd5 71. Kc3 Be6 72. Kd3 Bd5 1/2-1/2

[Event "Wch Rapid (Women)"]
[Site "New York"]
[Date "2024.12.27"]
[Round "6"]
[White "Durrfeld, Sofie Bech"]
[Black "Noshin, Anjum"]
[Result "1-0"]
[WhiteElo "1875"]
[BlackElo "1910"]
[PlyCount "103"]
[EventDate "2024.12.26"]
[EventType "swiss (rapid)"]
[EventRounds "11"]
[EventCountry "USA"]
[SourceTitle "CB01_2025"]
[SourceDate "2025.01.01"]
[SourceVersion "1"]
[SourceVersionDate "2025.01.01"]
[SourceQuality "1"]

1. e4 e5 2. Bc4 Nf6 3. d3 c6 4. Nf3 d5 5. Bb3 Bg4 6. Nc3 dxe4 7. Bxf7+ Kxf7 8. Nxe5+ Kg8 9. Nxg4 Bb4 10. 0-0 exd3 11. cxd3 Qd4 12. Nxf6+ gxf6 13. Be3 Qd6 14. Ne4 Qe6 15. Qf3 Nd7 16. Qg3+ Kf7 17. a3 Be7 18. Rfe1 Rag8 19. Qf3 Ne5 20. Qh5+ Rg6 21. Bd4 Qg4 22. Qxg4 Rxg4 23. Bxe5 fxe5 24. Ng3 Bf6 25. Nf5 Rf4 26. Nd6+ Ke6 27. Nxb7 Rb8 28. Nc5+ Kd5 29. b4 a5 30. g3 Rf5 31. Rab1 Be7 32. Rec1 axb4 33. axb4 Rxb4 34. Rxb4 Bxc5 35. Rb7 Bxf2+ 36. Kg2 Be3 37. Rf1 Rxf1 38. Kxf1 h6 39. Ke2 Bg1 40. h3 e4 41. dxe4+ Kxe4 42. Rh7 c5 43. Rxh6 Bd4 44. Rh4+ Ke5 45. Kd3 Bf2 46. Re4+ Kd5 47. g4 Bh4 48. Re8 c4+ 49. Kc2 Bf6 50. Rf8 Bh4 51. Rf5+ Ke4 52. Kc3 1-0

[Event "Wch Rapid (Women)"]
[Site "New York"]
[Date "2024.12.27"]
[Round "7"]
[White "Noshin, Anjum"]
[Black "Machlik, Monika"]
[Result "1/2-1/2"]
[WhiteElo "1910"]
[BlackElo "2079"]
[PlyCount "139"]
[EventDate "2024.12.26"]
[EventType "swiss (rapid)"]
[EventRounds "11"]
[EventCountry "USA"]
[SourceTitle "CB01_2025"]
[SourceDate "2025.01.01"]
[SourceVersion "1"]
[SourceVersionDate "2025.01.01"]
[SourceQuality "1"]

1. e4 c6 2. d4 d5 3. Nc3 dxe4 4. Nxe4 Nf6 5. Nxf6+ exf6 6. c3 Bd6 7. Bd3 0-0 8. Qc2 Re8+ 9. Ne2 h5 10. 0-0 h4 11. h3 Be6 12. Bf4 Qc7 13. Qd2 Nd7 14. Bxd6 Qxd6 15. Qf4 Qxf4 16. Nxf4 Nb6 17. Nxe6 Rxe6 18. a4 a5 19. Ra3 Re7 20. Rfa1 g6 21. Rb3 Nd5 22. Bc4 Nf4 23. Rb6 Rd8 24. b4 axb4 25. Rxb4 Rde8 26. Rab1 Re1+ 27. Rxe1 Rxe1+ 28. Kh2 Re7 29. a5 Rc7 30. Rb6 Kg7 31. a6 bxa6 32. Rxa6 Ne6 33. Ra5 Nf4 34. g3 hxg3+ 35. fxg3 Ne6 36. Bxe6 fxe6 37. Rc5 Kf7 38. c4 Ke7 39. Ra5 Rb7 40. Ra6 Kd6 41. Ra8 Rb2+ 42. Kg1 Rd2 43. Rd8+ Ke7 44. Rc8 Kd7 45. Rf8 Ke7 46. Rc8 Rxd4 47. Rxc6 Kd7 48. Rc5 Kd6 49. Rc8 Kd7 50. Rc5 Kd6 51. Rc8 Ke5 52. c5 Rc4 53. c6 Kd6 54. Rf8 f5 55. Rg8 Rxc6 56. Rxg6 Ke5 57. h4 Ke4 58. h5 Rc1+ 59. Kg2 e5 60. h6 Rc8 61. h7 Rh8 62. Rh6 Ke3 63. Kh3 e4 64. Kg2 f4 65. gxf4 Kxf4 66. Kf2 Kg5 67. Rh1 Kg6 68. Ke3 Rxh7 69. Rxh7 Kxh7 70. Kxe4 1/2-1/2

[Event "Wch Rapid (Women)"]
[Site "New York"]
[Date "2024.12.26"]
[Round "1"]
[White "Yu, Jennifer R"]
[Black "Noshin, Anjum"]
[Result "1-0"]
[WhiteElo "2296"]
[BlackElo "1910"]
[PlyCount "57"]
[EventDate "2024.12.26"]
[EventType "swiss (rapid)"]
[EventRounds "11"]
[EventCountry "USA"]
[SourceTitle "CB01_2025"]
[SourceDate "2025.01.01"]
[SourceVersion "1"]
[SourceVersionDate "2025.01.01"]
[SourceQuality "1"]

1. c4 c6 2. Nf3 d5 3. e3 Nf6 4. Nc3 e6 5. Qc2 Nbd7 6. b3 Bd6 7. Bb2 b6 8. cxd5 exd5 9. d4 Bb7 10. Bd3 0-0 11. 0-0 h6 12. Ne2 c5 13. Ng3 Re8 14. Nf5 Bf8 15. Rac1 Rc8 16. Qe2 g6 17. Ng3 Ne4 18. Ne5 Nxe5 19. dxe5 Bg7 20. f4 f6 21. Nxe4 dxe4 22. Bc4+ Kh7 23. f5 gxf5 24. exf6 Bxf6 25. Rcd1 Qe7 26. Bxf6 Qxf6 27. Rd7+ Re7 28. Rxf5 Qa1+ 29. Rf1 1-0

[Event "Olympiad Women-45"]
[Site "Budapest"]
[Date "2024.09.22"]
[Round "11.1"]
[White "Goossens, Hanne"]
[Black "Noshin, Anjum"]
[Result "1/2-1/2"]
[WhiteElo "2189"]
[BlackElo "2085"]
[PlyCount "83"]
[EventDate "2024.09.11"]
[EventType "team-swiss"]
[EventRounds "11"]
[EventCountry "HUN"]
[SourceTitle "EXT 2025"]
[Source "ChessBase"]
[SourceDate "2024.10.14"]
[SourceVersion "1"]
[SourceVersionDate "2024.10.14"]
[SourceQuality "1"]
[WhiteTeam "Belgium (W)"]
[BlackTeam "Bangladesh (W)"]
[WhiteTeamCountry "BEL"]
[BlackTeamCountry "BAN"]

1. e4 e5 2. Nf3 Nc6 3. Bc4 Bc5 4. c3 Nf6 5. d4 exd4 6. e5 d5 7. Bb5 Ne4 8. cxd4 Bb6 9. Nc3 0-0 10. Be3 Bg4 11. h3 Bh5 12. Qc2 Bg6 13. Qb3 Na5 14. Qxd5 Qe7 15. Qd7 Qb4 16. 0-0 Rfd8 17. Nd5 Qxb2 18. Ne7+ Kf8 19. Nxg6+ fxg6 20. Qg4 Qxb5 21. Qxe4 Qd5 22. Qh4 Kg8 23. Ng5 h6 24. Nf3 Nc6 25. Rfd1 Re8 26. Qg4 Ne7 27. h4 Rad8 28. h5 gxh5 29. Qxh5 Qf7 30. Qg4 Qf5 31. Qxf5 Nxf5 32. g4 Ne7 33. Rd2 Rd5 34. Kg2 Nc6 35. Kg3 Red8 36. Rc1 g5 37. Rcd1 R8d7 38. Rc1 Nd8 39. Rc4 Ne6 40. a4 Kf7 41. Rb2 c6 42. Rb1 1/2-1/2

[Event "Olympiad Women-45"]
[Site "Budapest"]
[Date "2024.09.15"]
[Round "5.37"]
[White "Noshin, Anjum"]
[Black "Marape, Naledi"]
[Result "0-1"]
[WhiteElo "2085"]
[BlackElo "1926"]
[PlyCount "120"]
[EventDate "2024.09.11"]
[EventType "team-swiss"]
[EventRounds "11"]
[EventCountry "HUN"]
[SourceTitle "EXT 2025"]
[Source "ChessBase"]
[SourceDate "2024.10.14"]
[SourceVersion "1"]
[SourceVersionDate "2024.10.14"]
[SourceQuality "1"]
[WhiteTeam "Bangladesh (W)"]
[BlackTeam "Botswana (W)"]
[WhiteTeamCountry "BAN"]
[BlackTeamCountry "BOT"]

1. e4 c5 2. Nf3 d6 3. d4 cxd4 4. Nxd4 Nf6 5. Nc3 a6 6. f3 e5 7. Nb3 Be7 8. Be3 Be6 9. Qd2 h5 10. 0-0-0 Nbd7 11. Kb1 b5 12. h4 Qc7 13. a3 Nb6 14. Bxb6 Qxb6 15. Nd5 Bxd5 16. exd5 a5 17. Be2 b4 18. a4 Kf8 19. Bb5 Ra7 20. Qe2 Nd7 21. Nd2 Nc5 22. Nc4 Qc7 23. f4 e4 24. f5 Qd8 25. Qf2 Bf6 26. Qf4 Be7 27. Nd2 Bf6 28. Nxe4 Nxe4 29. Qxe4 Be5 30. Qe3 Re7 31. Qd3 Rc7 32. Bc6 Rc8 33. Rde1 Qb6 34. Re4 Qd8 35. Rhe1 Rh6 36. Qf3 Kg8 37. R1e3 Qf6 38. Rb3 Qd8 39. Ka2 Qb6 40. Bd7 Rxc2 41. Re2 Rc1 42. Qe3 Qxe3 43. Rbxe3 Rc5 44. Bc6 Rf6 45. Rf3 Rc4 46. g3 Rg4 47. Ree3 Rd4 48. Kb1 Rg4 49. Bd7 Kf8 50. Re2 Ke7 51. Bc6 g6 52. Rfe3 Rxf5 53. Bb7 Rf1+ 54. Ka2 Rg1 55. Rc2 R1xg3 56. Rxe5+ dxe5 57. Rc7+ Kd6 58. Rxf7 Rf4 59. Rg7 b3+ 60. Ka3 Rf1 0-1

[Event "BAN-chB 48th"]
[Site "Dhaka"]
[Date "2024.06.13"]
[Round "7"]
[White "Wadifa, Ahmed"]
[Black "Noshin, Anjum"]
[Result "1/2-1/2"]
[WhiteElo "1980"]
[BlackElo "2056"]
[PlyCount "64"]
[EventDate "2024.06.07"]
[EventType "swiss"]
[EventRounds "9"]
[EventCountry "BAN"]
[SourceTitle "EXT 2025"]
[Source "ChessBase"]
[SourceDate "2024.10.14"]
[SourceVersion "1"]
[SourceVersionDate "2024.10.14"]
[SourceQuality "1"]

1. e4 e5 2. Nf3 Nc6 3. Bb5 Nf6 4. 0-0 Nxe4 5. d4 Nd6 6. Bxc6 dxc6 7. dxe5 Nf5 8. Qe2 Nd4 9. Nxd4 Qxd4 10. Rd1 Qg4 11. f3 Bc5+ 12. Be3 Bxe3+ 13. Qxe3 Qg6 14. c4 0-0 15. Nc3 Re8 16. Re1 b6 17. Kh1 Bb7 18. Rad1 Rad8 19. Qf4 Rxd1 20. Rxd1 Qe6 21. Qe4 h6 22. f4 f6 23. Re1 f5 24. Qd3 c5 25. Rd1 Kf7 26. Nb5 Re7 27. Qd8 Qxc4 28. Nxc7 Qe2 29. Rg1 Bxg2+ 30. Rxg2 Qf1+ 31. Rg1 Qf3+ 32. Rg2 Qf1+ 1/2-1/2

[Event "BAN-chB 48th"]
[Site "Dhaka"]
[Date "2024.06.09"]
[Round "3"]
[White "Noshin, Anjum"]
[Black "Dibya, Das Gupta"]
[Result "0-1"]
[WhiteElo "2056"]
[BlackElo "1975"]
[PlyCount "112"]
[EventDate "2024.06.07"]
[EventType "swiss"]
[EventRounds "9"]
[EventCountry "BAN"]
[SourceTitle "EXT 2025"]
[Source "ChessBase"]
[SourceDate "2024.10.14"]
[SourceVersion "1"]
[SourceVersionDate "2024.10.14"]
[SourceQuality "1"]

1. e4 c5 2. Nf3 d6 3. d4 cxd4 4. Nxd4 Nf6 5. Nc3 a6 6. f3 e5 7. Nb3 h5 8. Be3 Be6 9. Qd2 Be7 10. Nd5 Nxd5 11. exd5 Bf5 12. Be2 a5 13. a4 Bh4+ 14. g3 Bf6 15. c3 Nd7 16. Bd3 Bxd3 17. Qxd3 Bg5 18. Nd2 Bxe3 19. Qxe3 Qb6 20. Nc4 Qc7 21. Na3 Qb6 22. Qxb6 Nxb6 23. Nb5 Ke7 24. b3 Rac8 25. c4 Nd7 26. 0-0-0 Nc5 27. Kb2 f5 28. Rhf1 g5 29. f4 gxf4 30. gxf4 e4 31. Nd4 Kf6 32. Rg1 Rhg8 33. Rdf1 Rxg1 34. Rxg1 Nd3+ 35. Kc3 Nxf4 36. Kd2 Ng6 37. Ke3 Ke5 38. Ne2 Nh4 39. Rg5 Rh8 40. Ng3 Kf6 41. Rxh5 Rxh5 42. Nxh5+ Kg5 43. Nf4 b6 44. Nh3+ Kf6 45. Nf4 Ng6 46. Ne6 Ke5 47. Nd8 f4+ 48. Ke2 Kd4 49. Ne6+ Kc3 50. h4 f3+ 51. Kf2 Nxh4 52. c5 bxc5 53. Nxc5 Kd4 54. Ne6+ Kxd5 55. Ng5 Kd4 56. b4 e3+ 0-1

[Event "BAN-chB 48th"]
[Site "Dhaka"]
[Date "2024.06.07"]
[Round "1"]
[White "Noshin, Anjum"]
[Black "Hamid, Rani"]
[Result "1-0"]
[WhiteElo "2056"]
[BlackElo "1838"]
[PlyCount "91"]
[EventDate "2024.06.07"]
[EventType "swiss"]
[EventRounds "9"]
[EventCountry "BAN"]
[SourceTitle "EXT 2025"]
[Source "ChessBase"]
[SourceDate "2024.10.14"]
[SourceVersion "1"]
[SourceVersionDate "2024.10.14"]
[SourceQuality "1"]

1. e4 c5 2. Nf3 e6 3. d4 cxd4 4. Nxd4 a6 5. Bd3 Nf6 6. 0-0 d6 7. Kh1 Be7 8. f4 0-0 9. c4 e5 10. Nc2 exf4 11. Bxf4 Nc6 12. Nc3 Bg4 13. Be2 Bxe2 14. Qxe2 Ne5 15. Ne3 Rc8 16. Rad1 Nfd7 17. Ncd5 Bg5 18. Nf5 Rxc4 19. Nxd6 Ra4 20. b3 Ra3 21. Nxb7 Qb8 22. Bxg5 Qxb7 23. Be7 Ra5 24. Bxf8 Nxf8 25. b4 Ra4 26. Qc2 Rxb4 27. Nxb4 Qxb4 28. Rd8 Neg6 29. Rfd1 Qe7 30. Qd3 h5 31. Qxa6 Qxe4 32. Qd3 Qa4 33. Qb3 Qf4 34. Qf3 Qc4 35. Qd5 Qe2 36. a4 h4 37. Qf3 Qa2 38. Ra8 Kh7 39. a5 Kh6 40. Qe3+ Kh7 41. Qd2 Qb3 42. Rxf8 Nxf8 43. Qd3+ Qxd3 44. Rxd3 Ne6 45. a6 Nc5 46. Ra3 1-0

[Event "BAN-ch (Women)"]
[Site "Dhaka"]
[Date "2024.05.29"]
[Round "10"]
[White "Jannatul, Ferdous"]
[Black "Noshin, Anjum"]
[Result "0-1"]
[WhiteElo "1990"]
[BlackElo "2025"]
[PlyCount "110"]
[EventDate "2024.05.20"]
[EventType "tourn"]
[EventRounds "11"]
[EventCountry "BAN"]
[SourceTitle "CBM 220 Extra"]
[Source "ChessBase"]
[SourceDate "2024.07.31"]
[SourceVersion "1"]
[SourceVersionDate "2024.07.31"]
[SourceQuality "1"]

1. d4 d5 2. Bf4 Nf6 3. e3 e6 4. Nf3 c5 5. c3 Bd6 6. Bg3 Qc7 7. Ne5 Nbd7 8. f4 0-0 9. Bd3 c4 10. Bc2 b5 11. Nd2 a5 12. Bh4 Bb7 13. a3 Ne4 14. Bxe4 dxe4 15. Nxd7 Qxd7 16. 0-0 Bd5 17. g4 f6 18. Qc2 e5 19. f5 exd4 20. cxd4 Qc6 21. Rac1 Rac8 22. Nb1 b4 23. axb4 axb4 24. Nd2 c3 25. Nb1 Bc4 26. Rfd1 Bd3 27. Qb3+ Qc4 28. Qxc4+ Rxc4 29. bxc3 Rfc8 30. Be1 Bxb1 31. Rxb1 bxc3 32. Ra1 c2 33. Rdc1 Bb4 34. Bxb4 Rxb4 35. Kf2 Rc3 36. Ra2 Rbc4 37. h4 h6 38. Ra8+ Kf7 39. Ra7+ Kf8 40. Ra8+ Ke7 41. Ra7+ Kd6 42. Rxg7 Rd3 43. Ke2 Rcc3 44. Rf7 Rxe3+ 45. Kd2 Red3+ 46. Ke1 Rh3 47. Kd2 Rhd3+ 48. Ke1 Rxd4 49. Rxf6+ Ke5 50. Ra6 Kf4 51. Ra2 Re3+ 52. Kf2 Rd2+ 53. Kf1 Rd1+ 54. Kf2 Rxc1 55. f6 Rf1+ 0-1